| 000 | 00641nam a2200205 a 4500 | ||
|---|---|---|---|
| 001 | 000009110 | ||
| 005 | 20240412074209.0 | ||
| 008 | 090928s1930 dr 000 p spa d | ||
| 040 | _aDO-SdBNP | ||
| 082 |
_aRD861.3 _bP438m |
||
| 100 | 1 |
_aPérez, Bartolomé Olegario _923764 |
|
| 245 | 1 | 0 |
_aMargaritas / _cOlegario Pérez ; prólogo Rafael A. Deligne. |
| 260 |
_aSanto Domingo : _bMontalvo, _c1930. |
||
| 300 |
_a121 p. ; _c23 cm. |
||
| 650 | 0 |
_aPoesía dominicana _966 |
|
| 650 | 0 |
_aLiteratura dominicana. _967 |
|
| 700 | 1 |
_aDeligne, Rafael A., _epról. _923765 |
|
| 910 | _aValidado. Control de calidad BNPHU | ||
| 999 | 9 | 9 |
_a1 _n0000747 _c8874 _d8874 |
| 049 | _aBNPD | ||